Seda.
Salvato in:
| Autore principale: | |
|---|---|
| Altri autori: | , |
| Natura: | Sconosciuto |
| Lingua: | inglese |
| Pubblicazione: |
Barcelona, España:
Anagrama,
2019.
|
| Serie: | Colección Compactos,
|
| Soggetti: | |
| Tags: |
Aggiungi Tag
Nessun Tag, puoi essere il primo ad aggiungerne!!
|
MARC
| LEADER | 00000 a2200000 4500 | ||
|---|---|---|---|
| 003 | CL-VaPUC | ||
| 005 | 20230804155251.0 | ||
| 008 | 230510t2019 ||||| |||| 00| 0 eng d | ||
| 999 | |c 440698 |d 440696 | ||
| 020 | |a 978-84-339-6077-1 | ||
| 040 | |c Pontificia Universidad Católica de Valparaíso | ||
| 082 | |2 22 |a 853 BAR 2019 | ||
| 100 | |a Baricco, Alessandro, |9 881899 |d 1958- |e autor | ||
| 245 | |a Seda. | ||
| 260 | |a Barcelona, España: |b Anagrama, |c 2019. | ||
| 300 | |a 125 páginas. | ||
| 490 | |a Colección Compactos, |n 557. | ||
| 583 | |k Catalogador Asistente |c 20230510 | ||
| 650 | 0 | |a Novela italiana |x Historias de amor |z Japón |9 265740 | |
| 700 | |9 882117 |a González Rovira, Xavier |e traducción | ||
| 700 | |9 867591 |a Gumpert, Carlos |e traductor | ||
| 942 | |2 ddc |c BK | ||
| 952 | |0 0 |1 0 |2 ddc |4 0 |6 853_000000000000000_BAR_2019 |7 0 |8 A |9 589953 |a BIBART |b BIBART |c GEN |d 2023-05-10 |e 159 |g 10000.00 |i 5657373 |l 1 |m 1 |o 853 BAR 2019 |p 5657373 |r 2025-03-13 |s 2023-05-24 |t 1 |v 10000.00 |w 2023-05-10 |y BK |k ART | ||